Statistiques concernant Culture Générale - Série 642

Cliquez ici pour prendre le quiz!

Statistiques générales

  • Ce quiz a été pris 52 fois
  • Le résultat moyen est 6 sur 10

Statistiques - réponses

QuestionRéponse% Correct
Dans quel pays d'Amérique du Sud se trouve la ville d'Ushuaia ?Argentine
96%
Quel est le gérondif présent du verbe "coudre" ? En ...cousant
94%
Le pays frontalier du département français du Nord est...Belgique
92%
À quelle chanteuse américaine doit-on le titre "Who's That Girl" ?Madonna
67%
Complétez cette phrase d'une chanson de Jacques Brel : "Ma mère voici le temps venu, d'aller prier pour mon salut. Mathilde est...revenue
65%
En 1998, quelle chanteuse, prénommée Julie, est révélée au grand public grâce à son interprétation de Fleur-de-Lys dans la comédie musicale "Notre Dame de Paris" ?Julie Zenatti
47%
L'expression qui signifie qu'on quitte un logement sans payer le propriétaire est "déménager à la cloche de...bois
45%
Lors du championnat d'Europe de football en 1992, quel pays a battu l'Allemagne 2-0 en finale ?Danemark
29%
Quel compositeur autrichien a écrit : "La Jeune fille et la Mort", en 1817 ?Franz Schubert
18%
Quel pays vécut sous la coupe du dictateur Rafael Leonidas Trujillo entre 1930 et 1961 ?République Dominicaine
12%

Distribution des résultats

Percentile par nombre de réponses

% des personnes avec chaque résultat

Votre développement - résultats

Vous n’avez pas pris ce quiz